00505nam a2200181Ia 4500003000500000008004100005020001800046040001900064082000700083100001900090245003400109246007100143260003500214300001100249365000800260546001200268700004300280STCL230726s9999 xx 000 0 und d a9789351381969 aSTCLcSTCLbEN 222 aLegouis, Emile 0aHistory of English literature aHistory of English literature: historie de la litterature anglaise bTrinity PressaBengaluruc2017 a1488 p b795 aEnglish aCazamian, Louis; Vergnas, Raymond Las